UM Logo

Effect of image, satisfaction, trust, love, and respect on loyalty formation for name-brand coffee shops / (Record no. 21103)

MARC details
000 -LEADER
fixed length control field 00932nam a22002417a 4500
003 - CONTROL NUMBER IDENTIFIER
control field OSt
005 - DATE AND TIME OF LATEST TRANSACTION
control field 20260224111603.0
008 - FIXED-LENGTH DATA ELEMENTS--GENERAL INFORMATION
fixed length control field 240830b ||||| |||| 00| 0 eng d
040 ## - CATALOGING SOURCE
Transcribing agency 0
082 ## - DEWEY DECIMAL CLASSIFICATION NUMBER
Classification number Dper 647.94068 In821 April-May 2019 v. 78-79
100 ## - MAIN ENTRY--PERSONAL NAME
Personal name Song, Hakjun.
Relator term author.
9 (RLIN) 59563
245 ## - TITLE STATEMENT
Title Effect of image, satisfaction, trust, love, and respect on loyalty formation for name-brand coffee shops /
Statement of responsibility, etc. Hakjun Song, JunHui Wang, and Heesup Han.
260 ## - PUBLICATION, DISTRIBUTION, ETC. (IMPRINT)
Place of publication, distribution, etc. Amsterdam ;
Name of publisher, distributor, etc. Elsevier ,
Date of publication, distribution, etc. May 2019.
300 ## - PHYSICAL DESCRIPTION
Extent Volume 79, pages 50-59 :
Other physical details illustration ;
Dimensions 28 cm.
500 ## - GENERAL NOTE
General note International Journal of Hospitality Management, vol. 79, pages 50-59, May 2019.
650 #0 - SUBJECT ADDED ENTRY--TOPICAL TERM
Topical term or geographic name as entry element Brand image.
9 (RLIN) 68788
650 #0 - SUBJECT ADDED ENTRY--TOPICAL TERM
Topical term or geographic name as entry element Satisfaction.
9 (RLIN) 64864
650 #0 - SUBJECT ADDED ENTRY--TOPICAL TERM
Topical term or geographic name as entry element Brand loyalty.
9 (RLIN) 68789
700 ## - ADDED ENTRY--PERSONAL NAME
Personal name Song, Hakjun.
Relator term author.
9 (RLIN) 59563
700 ## - ADDED ENTRY--PERSONAL NAME
Personal name Wang, JunHui.
Relator term author.
9 (RLIN) 59564
700 ## - ADDED ENTRY--PERSONAL NAME
Personal name Han, Heesup.
Relator term author.
9 (RLIN) 59565
942 ## - ADDED ENTRY ELEMENTS (KOHA)
Source of classification or shelving scheme Dewey Decimal Classification
Koha item type Periodicals
Holdings
Withdrawn status Lost status Source of classification or shelving scheme Damaged status Not for loan Collection code Home library Current library Date acquired Total Checkouts Full call number Date last seen Price effective from Koha item type Public note
    Dewey Decimal Classification     Periodicals UM Digos College - LIC UM Digos College - LIC 08/30/2024   Dper 647.94068 In821 April-May 2019 v. 78-79 08/30/2024 08/30/2024 Periodicals Periodical Article